000 00742nam a2200241Ia 4500
003 OSt
005 20250205114853.0
008 210210b2008 xxu||||| |||| 00| 0 eng d
040 _cAL
041 _aKannada
082 _aK894.4 TRIT
100 _aTRIVENI SHRINIVASARAV
_d ತ್ರಿವೇಣಿ ಶ್ರೀನಿವಾಸರಾವ್
_9197788
245 _aTulasivana: Ankana barahagala sankalana
_bತುಳಸಿವನ: ಅಂಕಣ ಬರಹಗಳ ಸಂಕಲನ
260 _aAmerica
_b-
_c2008
300 _axv---266
650 _aTulasivana
_9197789
650 _asankalana
_9197790
650 _abarahagala
_9197791
650 _aAnkana
_9197792
690 _aKannada Prose
_9197793
906 _a063156
942 _2ddc
_cBK
999 _c134886
_d134886